000 00677nam a2200193 i 4500
001 183125
003 ES-MaACL
005 20230906221814.0
008 140121s1921 fr |||| | fre d
100 1 _aMonatte, Pierre.
_982114
245 1 0 _aRéflexions sur l'avenir syndical /
_cP. Monatte.
260 _aParis :
_bÉditions de la Bibliothèque du Travail,
_c1921.
300 _a32 p. ;
_c19 cm.
490 1 _aLes Cahiers du travail ;
_v1re série, 9e cahier, 1er juillet 1921
650 0 4 _aSindicalismo-
_zFrancia.
_917113
830 0 _aLes Cahiers du travail ;
_v1re série, 9e cahier, 1er juillet 1921
_9191855
852 _aES-MaACL
_j1625-F-16
999 _c183125
_d183125